Doña Clarines (Record no. 176583)

MARC details
000 -LEADER
campo de control de longitud fija 00916nam a22002535i 4500
001 - NÚMERO DE CONTROL
campo de control 176583
003 - IDENTIFICADOR DE NÚMERO DE CONTROL
campo de control ES-MaACL
005 - FECHA Y HORA DE LA ÚLTIMA TRANSACCIÓN
campo de control 20230906220127.0
008 - DATOS DE LONGITUD FIJA--INFORMACIÓN GENERAL
campo de control de longitud fija 110125s1953 sp a |||| | spa d
080 ## - NÚMERO DE LA CLASIFICACIÓN DECIMAL UNIVERSAL
Número de la Clasificación Decimal Universal 821.134.2-22"19"
100 1# - ENTRADA PRINCIPAL--NOMBRE DE PERSONA
Nombre de persona Álvarez Quintero, Serafín,
Fechas asociadas al nombre 1871-1938
9 (RLIN) 226443
245 10 - MENCIÓN DEL TÍTULO
Título Doña Clarines
Resto del título : comedia en dos actos /
Mención de responsabilidad, etc. de Serafín y Joaquín Álvarez Quintero.
260 ## - PUBLICACIÓN, DISTRIBUCIÓN, ETC.
Lugar de publicación, distribución, etc. Madrid :
Nombre del editor, distribuidor, etc. [s. n.,
Fecha de publicación, distribución, etc. 1953?]
300 ## - DESCRIPCIÓN FÍSICA
Extensión 54 p. ;
Dimensiones 17 cm.
490 1# - MENCIÓN DE SERIE
Mención de serie Biblioteca teatral ;
Designación de volumen o secuencia 168
500 ## - NOTA GENERAL
Nota general Anteportada ilustrada.
500 ## - NOTA GENERAL
Nota general En port. : Estrenada el día 5 de noviembre de 1909 en el Teatro Lara, de Madrid.
500 ## - NOTA GENERAL
Nota general Encuadernado con otros títulos.
597 ## - NOTA DE DESCRIPCIÓN FÍSICA
NOTA DE DESCRIPCIÓN FÍSICA En el lomo: 168-173.
700 1# - ENTRADA AGREGADA--NOMBRE PERSONAL
Nombre de persona Álvarez Quintero, Joaquín,
Fechas asociadas al nombre 1873-1944
9 (RLIN) 20922
830 0# - PUNTO DE ACCESO ADICIONAL DE SERIE-TÍTULO UNIFORME
Título uniforme Biblioteca teatral ;
Designación de volumen o secuencia 168
9 (RLIN) 190120
852 ## - LOCALIZACIÓN
Ubicación ES-MaACL
Número de control de estantería E-14128 (168)
Encuadernación Olim P-302
Holdings
Estatus retirado Estado de pérdida Estado de daño No para préstamo Biblioteca de origen Biblioteca actual Ubicación en estantería Fecha de adquisición Fuente de adquisición Total de préstamos Signatura topográfica completa Código de barras Visto por última vez Precio de reemplazo Tipo de ítem Koha
        Biblioteca del Ateneo de Madrid Biblioteca del Ateneo de Madrid Depósito 2 25/01/2011     E-14128 (168) 1185444 23/02/2023 23/02/2023 Libro impreso